| 000 | 00487nam a2200157Ia 4500 | ||
|---|---|---|---|
| 008 | 170221s9999 xx 000 0 und d | ||
| 100 | _aGaye Asli SANCAR | ||
| 245 | _aPolitical Public Relations 2.0 and the use of Twitter of Political Leaders in Turkey | ||
| 245 | _cGaye Asli SANCAR | ||
| 260 | _bOnline Journal of Communication and Media Technologies | ||
| 260 | _c2013 | ||
| 300 | _a3 : 1 | ||
| 650 | _xCommunication | ||
| 650 | _xMedia Arts | ||
| 856 | _uhttp://www.ojcmt.net/ | ||
| 999 |
_c307263 _d307263 |
||